[Event "TUR Cup"]
[Site "Antalya"]
[Date "2020.01.29"]
[Round "5"]
[White "Kaynar, Mustafa Deniz"]
[Black "Kilic, Eray"]
[Result "0-1"]
[WhiteElo "1555"]
[BlackElo "2069"]
[PlyCount "96"]
[EventDate "2020.01.26"]
[EventType "swiss"]
[EventRounds "11"]
[EventCountry "TUR"]
[SourceTitle "CBM 194 Extra"]
[Source "ChessBase"]
[SourceDate "2020.03.31"]
[SourceVersion "1"]
[SourceVersionDate "2020.03.31"]
[SourceQuality "1"]

1. e4 c5 2. c3 d5 3. exd5 Qxd5 4. d4 Nc6 5. Nf3 Bg4 6. Be2 cxd4 7. cxd4 e6 8. 0-0 Nf6 9. Nc3 Qd6 10. Be3 Be7 11. h3 Bh5 12. g4 Bg6 13. Ne5 0-0 14. Bf4 Qd8 15. Nxc6 bxc6 16. Qa4 Nd5 17. Nxd5 Qxd5 18. Rfe1 Bh4 19. Rac1 f5 20. Qxc6 fxg4 21. Qxd5 exd5 22. Be3 gxh3 23. Bg4 Rae8 24. Bxh3 Rxe3 25. fxe3 Bf2+ 26. Kh2 Bxe1 27. Rxe1 Rf2+ 28. Kg3 Rxb2 29. Kf4 Kf7 30. Ke5 Ke7 31. Rc1 Bc2 32. Kxd5 Rxa2 33. Ke5 Ra3 34. Re1 Rd3 35. Bf5 Rd1 36. Rxd1 Bxd1 37. Bxh7 a5 38. d5 a4 39. d6+ Kd8 40. Bb1 Bb3 41. Kf5 a3 42. e4 Kd7 43. Kg6 Kxd6 44. Kf5 Kc5 45. e5 Bc2+ 46. Bxc2 a2 47. Bb3 a1Q 48. e6 Qf6+ 0-1

[Event "TUR-chT Clubs"]
[Site "Konya"]
[Date "2019.07.18"]
[Round "4.18"]
[White "Demir, Berk"]
[Black "Kaynar, Mustafa Deniz"]
[Result "1/2-1/2"]
[WhiteElo "1253"]
[BlackElo "1483"]
[PlyCount "131"]
[EventDate "2019.07.16"]
[EventType "team-swiss"]
[EventRounds "9"]
[EventCountry "TUR"]
[SourceTitle "CBM 191 Extra"]
[Source "ChessBase"]
[SourceDate "2019.09.30"]
[SourceVersion "1"]
[SourceVersionDate "2019.09.30"]
[SourceQuality "1"]
[WhiteTeam "Karaman Genclik"]
[BlackTeam "Sinop Kultur"]
[WhiteTeamCountry "TUR"]
[BlackTeamCountry "TUR"]

1. d4 Nf6 2. c4 g6 3. Nc3 Bg7 4. e4 d6 5. f3 0-0 6. Be3 e5 7. d5 a5 8. Qd2 Bd7 9. Bh6 Na6 10. Bxg7 Kxg7 11. 0-0-0 Nb4 12. a3 Na6 13. Bd3 Nc5 14. Bc2 Qb8 15. Nge2 b5 16. cxb5 Bxb5 17. Nxb5 Qxb5 18. Nc3 Qb7 19. Na4 Rfb8 20. Qc3 Nfd7 21. Rhe1 Ra7 22. f4 f6 23. fxe5 fxe5 24. Rf1 Qb5 25. Nxc5 Qxc5 26. Qxc5 Nxc5 27. Rf2 Raa8 28. Rdf1 Rf8 29. Rxf8 Rxf8 30. Rxf8 Kxf8 31. Kd2 Ke8 32. Kc3 Kd7 33. Kc4 c6 34. b4 cxd5+ 35. exd5 axb4 36. axb4 Na6 37. b5 Nc5 38. h4 Kc7 39. g4 e4 40. g5 Kb6 41. Bd1 Nd3 42. Bc2 Nf2 43. Ba4 e3 44. Kc3 Ka5 45. Bc2 Kxb5 46. h5 gxh5 47. Bxh7 Ng4 48. g6 Kc5 49. g7 Nh6 50. Be4 e2 51. Kd2 Kd4 52. Bg2 Ke5 53. Kxe2 Kf6 54. Kf3 Kxg7 55. Kf4 Kf6 56. Bf3 h4 57. Bg2 Nf5 58. Bh3 Nd4 59. Kg4 Nf5 60. Kf4 Nd4 61. Kg4 Ke5 62. Kxh4 Kf4 63. Bg2 Nf3+ 64. Kh5 Nd2 65. Kg6 Ne4 66. Kf7 1/2-1/2